MESTSKÁ ČOV TRETIEHO TICÍCROČIA

Bibliographic Details
Main Authors: Šebo, Dušan, 1944- (Author), Šebo, Juraj (Author), Majerník, Milan, 1952- (Author), Badida, Miroslav, 1957- (Author)
Format: Article
Language:Slovak
ISBN:802330433X

MARC

LEADER 00000naa a2200000uu 4500
001 vtls010928047
003 SK-MaSNL
005 20260302130738.0
008 210910|1999 xo |||||||||||||||||slo|
015 |a SNBRA 
035 |a (urnnbn)urn:nbn:sk:snk:ar-a0b1g3 
035 |a (uuid)be540c78-6be1-44c2-97a4-4e2f0f0b60ae 
035 |a urn:nbn:sk:snk-aatu0j 
040 |a SNKBUCL  |b slo  |c SNKBUCL  |e AACR2 
041 0 |a slo 
044 |a xo  |c SK 
100 1 |a Šebo, Dušan,  |d 1944-  |4 aut  |9 211928 
245 1 0 |a MESTSKÁ ČOV TRETIEHO TICÍCROČIA  |c Dušan Šebo, Juraj Šebo, Milan Majerník, Miroslav Badida 
700 1 |a Šebo, Juraj  |4 aut  |9 607453 
700 1 |a Majerník, Milan,  |d 1952-  |4 aut  |9 214624 
700 1 |a Badida, Miroslav,  |d 1957-  |4 aut  |9 220921 
773 0 |t EKOTECH 99  |d Bratislava : Dom techniky ZSVTS, 1999  |g S. 97-100  |z 802330433X 
958 |a OND 
958 |a article11 
958 |a chapter 
999 |c 1302012  |d 1303942